Agricultural credit, savings and capital assets: structure of assets and borrowings and credit needs at different levels of agricultural technology on the farms of Rampur district Uttar Pradesh (Record no. 10492)

MARC details
000 -LEADER
fixed length control field 00600nam a2200157Ia 4500
082 ## - DEWEY DECIMAL CLASSIFICATION NUMBER
Classification number TB.0115
100 ## - MAIN ENTRY--AUTHOR NAME
Personal name Bhagwati Prasad
245 #0 - TITLE STATEMENT
Title Agricultural credit, savings and capital assets: structure of assets and borrowings and credit needs at different levels of agricultural technology on the farms of Rampur district Uttar Pradesh
260 ## - PUBLICATION, DISTRIBUTION, ETC. (IMPRINT)
Year of publication 1978
Name of publisher University of Delhi
300 ## - PHYSICAL DESCRIPTION
Number of Pages 306
650 ## - SUBJECT ADDED ENTRY--TOPICAL TERM
Topical Term Bank loans
Geographic subdivision Uttar Pradesh
-- Rampur District
650 ## - SUBJECT ADDED ENTRY--TOPICAL TERM
Topical Term Agricultural credit
Geographic subdivision Uttar Pradesh
-- Rampur District
650 ## - SUBJECT ADDED ENTRY--TOPICAL TERM
Topical Term Saving and investment
710 ## - ADDED ENTRY--CORPORATE NAME
Corporate name or jurisdiction name as entry element Nagar, A.L.
942 ## - ADDED ENTRY ELEMENTS (KOHA)
Koha item type Thesis
Source of classification or shelving scheme Dewey Decimal Classification
Holdings
Withdrawn status Lost status Damaged status Not for loan Home library Current library Date acquired Bill Date Full call number Accession Number Price effective from Koha item type
        NASSDOC Library NASSDOC Library 08/10/2004 2004-10-22 TB.0115 17829 18/04/2019 Thesis